Land vs. Land #97 - Statistiken

Allgemein
  • Dieses Quiz wurde 25 mal gespielt
  • Das Durchschnittsergebnis liegt bei 11 aus 14
Antwortstatistiken
Frage Antwort % Korrekt
...Fläche? Australien🇦🇺
100%
...Gewinner? Australien🇦🇺
100%
...Gesundheitswesen? Australien🇦🇺
96%
...durchschnittlicher IQ? Australien🇦🇺
96%
...Tourismus? Australien🇦🇺
92%
...HDI (Human Development Index)? Australien🇦🇺
92%
...Frieden? Australien🇦🇺
92%
...Bruttoinlandsprodukt pro Kopf? Australien🇦🇺
88%
...Lebenserwartung? Australien🇦🇺
88%
...Bruttoinlandsprodukt? Australien🇦🇺
83%
...Exportmengen? Australien🇦🇺
75%
...Einwohner? Venezuela🇻🇪
46%
...Militär? Venezuela🇻🇪
21%
...Happy Planet Index? Venezuela🇻🇪
21%
Keine übereinstimmenden Quizze gefunden
Verteilung der Resultate
Anzahl Personen mit jedem Resultat
Perzentil nach korrekt beantworteten Fragen
Ihre Resultats-Entwicklung
Sie haben dieses Quiz noch nicht gespielt